Distritos de Panem - Estadísticas

Estadísticas generales
  • Esta prueba ha sido intentada 28 veces
  • La puntuación promedio es 7 de 13
Estadísticas de respuestas
Distrito Sector % Correcto
4 Pesca
86%
12 Carbón
73%
11 Agricultura
68%
7 Madera
68%
10 Ganadería
64%
3 Electrónica/Tecnología
59%
1 Lujo
55%
8 Ropa/Textil
50%
13 Nuclear
45%
5 Energía
41%
6 Transporte
41%
9 Trigo/Cereales
36%
2 Construcción/Cantera
23%
No se encontraron pruebas coincidentes
Distribución de puntuación
Porcentaje de gente con cada puntuación
Porcentaje por número respondido
Historial de tus puntuaciones
No has intentado esta prueba.